| 000 | 00595nam a22001577a 4500 | ||
|---|---|---|---|
| 082 | _a629.8 | ||
| 100 | _aTalha, Abdul Qayyum | ||
| 245 |
_aBiometric Embedded System Architecture For Hand Vein Identification System On FPGA / _cTalha Abdul Qayyum |
||
| 260 |
_aIslamabad : _bSMME - NUST, _c2016. |
||
| 300 |
_a57 p. ; _c30cm. |
||
| 650 |
_aRobotics and Intelligent machine Engineering-MS-Thesis _916127 |
||
| 700 |
_aDr. Syed Omer Gillani _921328 |
||
| 856 | _uhttp://10.250.8.41:8080/xmlui/handle/123456789/9516 | ||
| 942 |
_2ddc _cTHE |
||
| 999 |
_c541125 _d541125 |
||